Zapping (Le) (Record n. 93969)

Dettagli MARC
000 -LEADER
fixed length control field 01590nam a2200313Ia 4500
001 - CONTROL NUMBER
control field B3125
003 - CONTROL NUMBER IDENTIFIER
control field IT-RoPAU
008 - FIXED-LENGTH DATA ELEMENTS--GENERAL INFORMATION
fixed length control field 130308s9999 xx 000 0 und d
040 ## - CATALOGING SOURCE
Original cataloging agency IT-RoPAU
040 ## - CATALOGING SOURCE
Transcribing agency IT-RoPAU
041 ## - LANGUAGE CODE
Language code of text/sound track or separate title FRANCESE
100 ## - MAIN ENTRY--PERSONAL NAME
Personal name Chabrol Jean Louis
100 ## - MAIN ENTRY--PERSONAL NAME
Miscellaneous information Codice Aut. SPICS: 37437
245 ## - TITLE STATEMENT
Title Zapping (Le)
245 ## - TITLE STATEMENT
Remainder of title Zapping (Le)
250 ## - EDITION STATEMENT
Edition statement 1a ed.
260 ## - PUBLICATION, DISTRIBUTION, ETC. (IMPRINT)
Place of publication, distribution, etc. PARIS
260 ## - PUBLICATION, DISTRIBUTION, ETC. (IMPRINT)
Name of publisher, distributor, etc. CNET
260 ## - PUBLICATION, DISTRIBUTION, ETC. (IMPRINT)
Date of publication, distribution, etc. 1991 [1° Ed.:1991 - Ed.Ling.Originale:1991]
300 ## - PHYSICAL DESCRIPTION
Extent "192 p. (prefazione: no ; testo: 192 [pagine: 0-0])"
500 ## - GENERAL NOTE
General note Dall'Offerta di programma Alla Ricezione: Televisione Anni 90, Cultura Televisiva, Televisione Individuo e gruppo Domestico. Studi Sulla Televisione e problematiche Dello Zapping: Visione Strumentale Dello Zapping, Rapporto Telespettatore e Programmi, Zapping e Creazione Televisiva, Zapping e Pubblicità. Lavori Anteriori Sullo Zapping: Lavori Empirici a partire Dall'Osservazione, Sondaggi. Dimensioni Dello Zapping: Dall'Audience Allo Zapping, Descrivere e Interpretare. Zapping in Famiglia: Frequenza e Durata delle sequenze di Ascolto, Dimensione Temporale Dello Zapping, Fattori Socio Economici e di Equipaggiamento, Tipologia dei Focolari Secondo Lo Zapping, Effettispecifici delle variabili Esplicative. profili Individuali. Zapping, programmi e Canali: Zapping e Pubblicità, Zapping e Canali. Bibliografia.
650 ## - SUBJECT ADDED ENTRY--TOPICAL TERM
Topical term or geographic name as entry element TEORICHE TELEVISIVE
650 ## - SUBJECT ADDED ENTRY--TOPICAL TERM
Relator term Codice materia Spics: 6955
700 ## - ADDED ENTRY--PERSONAL NAME
Personal name Perin Pascal
700 ## - ADDED ENTRY--PERSONAL NAME
Miscellaneous information Codice Aut. SPICS: 37321
942 ## - ADDED ENTRY ELEMENTS (KOHA)
Koha item type LIBRO
957 ## -
-- 1
999 ## - SYSTEM CONTROL NUMBERS (KOHA)
-- 1
Dati di copia
Withdrawn status Lost status Damaged status Not for loan Home library Current library Date acquired Total Checkouts Full call number Date last seen Price effective from Koha item type Public note
    Buone Condizioni Not For Loan SPICS-MEDIATECA SPICS-MEDIATECA 08/03/2013   B3125 08/03/2013 08/03/2013 LIBRO Progressivo inserimento: 44432 / N. Volumi: 1 Copie: 1 / data import: 1 marzo 2013 - By Epidotti, Trombetti, Vaglietti.
CREDITS: SOCIETA' SAN PAOLO Via A.Severo, 58 - ROMA (RM) & PERIODICI SAN PAOLO SRL Via Giotto, 36 MILANO & CISF Via Giotto, 36 MILANO & EDIZIONI SAN PAOLO SRL,  Piazza Soncino, 5 CINISELLO BALSAMO (MI) -- ITALY